[Event "ESP-ch U12 rapid"]
[Site "Salobrena"]
[Date "2023.07.16"]
[Round "7"]
[White "Bravo Freire, Aitor"]
[Black "Barreiro Rebolo, Luis"]
[Result "1-0"]
[WhiteElo "1465"]
[BlackElo "1289"]
[PlyCount "105"]
[EventDate "2023.07.15"]
[EventType "swiss (rapid)"]
[EventRounds "9"]
[EventCountry "ESP"]
[SourceTitle "EXT 2024"]
[Source "ChessBase"]
[SourceDate "2023.10.10"]
[SourceVersion "1"]
[SourceVersionDate "2023.10.10"]
[SourceQuality "1"]

1. e4 e5 2. Nf3 Nf6 3. Nxe5 d6 4. Nf3 Nxe4 5. Nc3 Nxc3 6. dxc3 Be7 7. Be3 Nc6 8. Qd2 Be6 9. Bd3 h6 10. Nd4 Nxd4 11. cxd4 c6 12. c3 Qd7 13. h3 Bf5 14. c4 Bxd3 15. Qxd3 d5 16. c5 0-0-0 17. b4 Rde8 18. 0-0 g5 19. a4 f5 20. Rfb1 g4 21. b5 gxh3 22. gxh3 Rhg8+ 23. Kf1 Bg5 24. bxc6 Qxc6 25. Qxf5+ Kd8 26. Bxg5+ Rxg5 27. Qf4 Qg6 28. Qd6+ Qxd6 29. cxd6 Rg7 30. Rc1 Re6 31. Rab1 Rxd6 32. Rc5 Rc7 33. Rbc1 Rxc5 34. Rxc5 b6 35. Rb5 a6 36. Rb4 Kc7 37. Ke2 Rc6 38. Kd2 Rc4 39. Rxc4+ dxc4 40. Kc3 b5 41. f4 Kd6 42. f5 Kd5 43. axb5 axb5 44. Kb4 Kd6 45. Kc3 Ke7 46. d5 Kd6 47. f6 Kd7 48. Kb4 Ke8 49. d6 h5 50. h4 c3 51. Kxc3 b4+ 52. Kxb4 Kd8 53. f7 1-0

[Event "ESP-ch U12 rapid"]
[Site "Salobrena"]
[Date "2023.07.16"]
[Round "9"]
[White "Bravo Freire, Aitor"]
[Black "Ruiz Roldan, Esther"]
[Result "0-1"]
[WhiteElo "1465"]
[BlackElo "1129"]
[PlyCount "101"]
[EventDate "2023.07.15"]
[EventType "swiss (rapid)"]
[EventRounds "9"]
[EventCountry "ESP"]
[SourceTitle "EXT 2024"]
[Source "ChessBase"]
[SourceDate "2023.10.10"]
[SourceVersion "1"]
[SourceVersionDate "2023.10.10"]
[SourceQuality "1"]

1. e4 c5 2. Nc3 Nc6 3. g3 d6 4. Bg2 Nf6 5. d3 g6 6. Be3 Bg7 7. Qd2 Ng4 8. f4 Nxe3 9. Qxe3 0-0 10. Nf3 e6 11. 0-0 Nd4 12. Rac1 Nxf3+ 13. Qxf3 Bd7 14. Nd1 Qb6 15. c3 Bc6 16. Kh1 Qa5 17. a3 d5 18. Nf2 Qb6 19. Rb1 Ba4 20. Rfc1 Bb3 21. Qe2 c4 22. exd5 exd5 23. dxc4 dxc4 24. Nd1 Rfe8 25. Qf1 Rad8 26. Nf2 Rd2 27. Ne4 Rdd8 28. h3 f5 29. Ng5 Rd2 30. Nf3 Rf2 31. Qg1 Ree2 32. Ne1 Qe3 33. Bd5+ Kh8 34. h4 Rh2+ 35. Qxh2 Rxh2+ 36. Kxh2 Qe2+ 37. Bg2 Ba4 38. Nf3 Bc6 39. Ne1 Bxg2 40. Nxg2 h6 41. Re1 Qd3 42. Ne3 Qd2+ 43. Ng2 g5 44. hxg5 hxg5 45. fxg5 Qxg5 46. Nh4 Qh5 47. Kg2 Qg4 48. Rf1 Qe2+ 49. Rf2 Qe4+ 50. Kh3 Qxb1 51. Re2 0-1

[Event "ESP-ch U12 rapid"]
[Site "Salobrena"]
[Date "2023.07.16"]
[Round "6"]
[White "Tallada Serret, Gerard"]
[Black "Bravo Freire, Aitor"]
[Result "1-0"]
[WhiteElo "1958"]
[BlackElo "1465"]
[PlyCount "69"]
[EventDate "2023.07.15"]
[EventType "swiss (rapid)"]
[EventRounds "9"]
[EventCountry "ESP"]
[SourceTitle "EXT 2024"]
[Source "ChessBase"]
[SourceDate "2023.10.10"]
[SourceVersion "1"]
[SourceVersionDate "2023.10.10"]
[SourceQuality "1"]

1. e4 e5 2. Nf3 Nc6 3. Bb5 Nf6 4. 0-0 Be7 5. Re1 d6 6. c3 0-0 7. d4 exd4 8. cxd4 a6 9. Bxc6 bxc6 10. Nc3 Bg4 11. h3 Bh5 12. Bg5 h6 13. Bh4 Nh7 14. Bxe7 Qxe7 15. Qd3 Bg6 16. Rac1 d5 17. Ne5 Qd6 18. Qg3 a5 19. Nxg6 Qxg6 20. Qxg6 fxg6 21. exd5 cxd5 22. Nxd5 Rab8 23. b3 Rfd8 24. Ne7+ Kf7 25. Nc6 Nf6 26. Nxb8 Rxb8 27. Rxc7+ Kf8 28. Rec1 Rb4 29. R1c4 Rb5 30. Ra7 Kg8 31. Rcc7 Nh5 32. g4 Nf6 33. Rxg7+ Kh8 34. Rgf7 Ng8 35. Rh7# 1-0

[Event "ESP-ch U12 rapid"]
[Site "Salobrena"]
[Date "2023.07.15"]
[Round "3"]
[White "Bravo Freire, Aitor"]
[Black "Nunez De Arenas Navarro, Agnes"]
[Result "0-1"]
[WhiteElo "1465"]
[BlackElo "1188"]
[PlyCount "166"]
[EventDate "2023.07.15"]
[EventType "swiss (rapid)"]
[EventRounds "9"]
[EventCountry "ESP"]
[SourceTitle "EXT 2024"]
[Source "ChessBase"]
[SourceDate "2023.10.10"]
[SourceVersion "1"]
[SourceVersionDate "2023.10.10"]
[SourceQuality "1"]

1. e4 c6 2. Nc3 d5 3. exd5 cxd5 4. d4 Nf6 5. Bd3 Nc6 6. Nf3 Qc7 7. Bg5 Bg4 8. Be2 h6 9. Bxf6 exf6 10. h3 Be6 11. Qd3 Bd6 12. Nb5 Qa5+ 13. c3 Be7 14. Nd2 a6 15. Na3 Bxa3 16. bxa3 Qxa3 17. Nb3 Qe7 18. Nc5 0-0 19. 0-0 Na5 20. Qb1 b5 21. a4 Nc4 22. Re1 Rfb8 23. Bxc4 bxc4 24. Qc2 Rb6 25. Qe2 a5 26. Rab1 Rab8 27. Rbc1 Rb2 28. Rc2 Rxc2 29. Qxc2 Rb6 30. Re2 Qd6 31. g3 Rb8 32. h4 Bg4 33. Re1 Bh5 34. Kg2 Bg6 35. Qd2 Kh7 36. Qe3 Rc8 37. Nb7 Qc7 38. Nc5 Qb6 39. Qc1 Rxc5 40. dxc5 Qxc5 41. Rd1 Bd3 42. Qe3 Qd6 43. Rxd3 cxd3 44. Qxd3+ g6 45. f3 Qa3 46. Qxd5 Qxa4 47. Qxf7+ Kh8 48. Qxf6+ Kg8 49. Qxg6+ Kf8 50. Qxh6+ Ke7 51. Qg5+ Kf7 52. Qf4+ Qxf4 53. gxf4 a4 54. c4 a3 55. Kg3 a2 56. Kg4 a1Q 57. f5 Qg1+ 58. Kf4 Qd4+ 59. Kg5 Qxc4 60. f4 Qf1 61. h5 Kg7 62. h6+ Kf7 63. f6 Qg2+ 64. Kf5 Qg6+ 65. Ke5 Qxf6+ 66. Ke4 Qxh6 67. Kf5 Qg6+ 68. Ke5 Qg3 69. Kf5 Ke7 70. Ke5 Kf8 71. Ke4 Kg7 72. Ke5 Kg6 73. Ke4 Kh5 74. Kf5 Qg4+ 75. Ke4 Kh4 76. Ke5 Qe2+ 77. Kf6 Kg4 78. f5 Qf3 79. Kg6 Qxf5+ 80. Kh6 Qg5+ 81. Kh7 Kf5 82. Kh8 Kf6 83. Kh7 Qg7# 0-1

[Event "ESP-ch U12"]
[Site "Salobrena"]
[Date "2023.07.13"]
[Round "6"]
[White "Bravo Freire, Aitor"]
[Black "Gil Martin, Sara"]
[Result "1/2-1/2"]
[WhiteElo "1465"]
[BlackElo "1202"]
[PlyCount "162"]
[EventDate "2023.07.10"]
[EventType "swiss"]
[EventRounds "9"]
[EventCountry "ESP"]
[SourceTitle "EXT 2024"]
[Source "ChessBase"]
[SourceDate "2023.10.10"]
[SourceVersion "1"]
[SourceVersionDate "2023.10.10"]
[SourceQuality "1"]

1. e4 e5 2. Nf3 Nc6 3. Bb5 Bc5 4. c3 Nf6 5. 0-0 Nxe4 6. Bxc6 dxc6 7. Nxe5 0-0 8. d4 Bd6 9. Re1 Nf6 10. Bg5 h6 11. Bh4 Re8 12. Nd2 c5 13. Ne4 cxd4 14. cxd4 Be7 15. Nxf6+ Bxf6 16. Bxf6 Qxf6 17. Rc1 c6 18. Qf3 Qxf3 19. Nxf3 Bg4 20. Ne5 Be6 21. a3 Rad8 22. Red1 Rd6 23. Nc4 Rd5 24. Rc2 Red8 25. Rcd2 b5 26. Ne5 R8d6 27. b4 f6 28. Ng6 Kf7 29. Nf4 Rf5 30. Nxe6 Rxe6 31. f3 Re3 32. Ra1 Rd5 33. Kf2 Rc3 34. Kg3 a5 35. bxa5 c5 36. Rad1 Rxa3 37. dxc5 Rxc5 38. Rd7+ Kg6 39. Ra7 Ra2 40. Rdd7 Rg5+ 41. Kh3 Kf5 42. Rd5+ Kg6 43. Rxg5+ hxg5 44. a6 b4 45. Rb7 Rxa6 46. Rxb4 Re6 47. Rg4 f5 48. Ra4 f4 49. g3 Re3 50. Kg4 fxg3 51. hxg3 Re5 52. Re4 Rf5 53. Re7 Rb5 54. Rd7 Ra5 55. Rd6+ Kf7 56. Kh3 Ra3 57. Kg2 Re3 58. Kf2 Re8 59. Rd4 Rc8 60. Ke3 Rc5 61. Ke4 Kf6 62. g4 Rb5 63. Rd5 Rb4+ 64. Ke3 Rb6 65. Kd4 Re6 66. Rf5+ Kg6 67. Re5 Rd6+ 68. Ke4 Rf6 69. Ke3 Rd6 70. f4 gxf4+ 71. Kxf4 Rf6+ 72. Kg3 Rb6 73. Kh4 Rc6 74. Rg5+ Kf7 75. Ra5 Rc7 76. Ra6 Re7 77. Kh5 Re6 78. Rxe6 Kxe6 79. Kg6 Ke5 80. Kg5 Ke6 81. Kf4 g6 1/2-1/2